La maldición del titán. (Registro nro. 3255)

Detalles MARC
000 -LEADER
fixed length control field 01271nam a2200193 a 4500
008 - CAMPO DE CONTROL (LIBRO)
fixed length control field 180918e2014 sp |||g||||| 001 1 spa d
020 ## - INTERNATIONAL STANDARD BOOK NUMBER
ISBN 9788498382921
041 ## - CODIGO DE IDIOMA
Código de idioma del texto/pista de sonido o título separado spa
092 ## - SIGNATURA TOPOGRAFICA DEWEY LOCAL
número de clasificación 808
libristica 74
sección RIO
100 1# - ENTRADA PRINCIPAL--NOMBRE PERSONAL
Nombre personal Riordan, Rick
9 (RLIN) 4305
245 #3 - TITULO PROPIAMENTE DICHO
Título La maldición del titán.
Subtítulo y Título paralelo Percy Jackson y los dioses del Olimpo III /
Mención de responsabilidad y remanente de la transcripción de la portada Rick Riordan
250 ## - MENCION DE EDICION
Mención de edición 4a ed.
Mención de responsabilidad relacionada con la ed. Traducción Santiago del Rey
260 ## - PIE DE IMPRENTA
Lugar de publicación, distribución, etc Barcelona:
Nombre de la editorial, distribuidor, etc Salamandra;
Fecha de publicación 2014.
300 ## - DESCRIPCION FISICA
Extension 280 p.
500 ## - NOTA GENERAL
Nota general Riordan, R.(2014). La maldición del titán. (4a ed.). Barcelona : Salamandra.
505 ## - NOTA DE CONTENIDO
Nota de contenido formateada Ante la llamado de socorro de su amigo el sátiro Grover, Percy acude inmediatamente en su auxilio. Y aunque va acompañado de Annabeth y Thalia, las dos semidiosas que son sus aliadas, ninguno imagina la sorpresa que los aguarda: una terrible mantícora pretende secuestrarlos y llevarlos ante el general enviado por Cronos, el diabólico señor de los titanes. Sin embargo, gracias a la ayuda de las cazadoras de Artemisa, Percy y sus aliadas logran escapar y volver al campamento mestizo. Una vez allí, emprenderán la búsqueda del monstruo que puede provocar la destrucción del Olimpo, sólo uno de ellos logrará resistir la maldición del titán.
655 ## - MATERIA - GENERO/FORMA
Género/Forma Literatura
-- 2917
942 ## - ADDED ENTRY ELEMENTS (KOHA)
Source of classification or shelving scheme Dewey Decimal Classification
Item type LITERATURA
Existencias
Estado de retiro Existencia Fuente de clasificación Estado general No para prestamo Ubicación permanente ubicación actual Sala de ubicación Fecha de adquisición Fuente de adquisición Total Checkouts Número de clasificación Código de barras Date last seen Número de ejemplar Price effective from Koha tipo de elemento (item) Public note Coded location qualifier
    Dewey Decimal Classification     Biblioteca Medicina Biblioteca Medicina Circulación 23/04/2025 Donación Abril 2025. Chiara Montenegro   808 74 RIO 5012 24/04/2025 Ej.1 24/04/2025 LITERATURA Donación Abril 2025. Chiara Montenegro. Sede Tordos.  

UNIVERSIDAD NACIONAL DEL COMAHUE
Biblioteca de la Facultad de Ciencias Médicas
Sede Toschi: Los Arrayanes y Av. Toschi, Cipolletti  - Rio Negro
Sede Los Tordos:  Yrigoyen al 2211, Cipolletti - Rio Negro 

Teléfono: 0299 - 4774707 int 25
Contacto: biblioteca@facimed.uncoma.edu.ar
© 2011 - 2026